000 00506nam a2200205Ia 4500
005 20240823033628.0
008 240823s9999||||xx |||||||||||||| ||und||
020 _a978-93-80659-28-2
041 _aENGLISH
082 _A420 Q0
100 _aLakshmana Perumal N
245 0 _aTechnical English work Book -I
250 _a3rd
260 _c2010
_bSri Krishna Publi
_aChennai
500 _aYES
650 _aTechnical English
_bEnglish
700 _a Sathiaseelan S
942 _cBK
999 _c196277
_d196277